Loading...
| Mythology | 1 | 2 | 0 | 1 | 35 | 56 | 110.67 | 0 | 2 |
| Fine Arts - Other Fine Arts | 1 | 2 | 0 | 1 | 35 | 20 | 91.67 | 1 | 2 |
| Fine Arts - Visual Fine Arts | 2 | 1 | 1 | 0 | 35 | 29 | 68.33 | 1 | 3 |
| Literature - British Literature | 0 | 2 | 0 | 0 | 20 | 100 | 101.00 | 0 | 2 |
| Literature - World Literature | 0 | 2 | 0 | 0 | 20 | 85 | 88.50 | 0 | 2 |
| Pop Culture | 0 | 2 | 0 | 0 | 20 | 92 | 109.00 | 0 | 2 |
| Religion | 0 | 2 | 0 | 0 | 20 | 92 | 105.50 | 0 | 1 |
| Literature - European Literature | 1 | 0 | 0 | 0 | 15 | 65 | 65.00 | 1 | 1 |
| History - Other History | 1 | 0 | 0 | 0 | 15 | 35 | 35.00 | 1 | 1 |
| Social Science | 0 | 1 | 0 | 0 | 10 | 87 | 87.00 | 1 | 1 |
| Literature - American Literature | 0 | 1 | 0 | 0 | 10 | 127 | 127.00 | 0 | 0 |
| Science - Other Science | 0 | 1 | 0 | 0 | 10 | 119 | 119.00 | 0 | 0 |
| History - American History | 0 | 1 | 1 | 1 | 5 | 147 | 147.00 | 0 | 0 |
| Fine Arts - Auditory Fine Arts | 0 | 1 | 1 | 0 | 5 | 120 | 120.00 | 0 | 1 |
| Philosophy | 0 | 1 | 1 | 0 | 5 | 117 | 117.00 | 0 | 1 |